Competir contra lo gratis (Registro nro. 11027)

Detalles MARC
000 -LEADER
fixed length control field 00427 a2200133 4500
001 - CONTROL NUMBER
control field ART_15467
005 - DATE AND TIME OF LATEST TRANSACTION
control field 20260410161615.0
008 - FIXED-LENGTH DATA ELEMENTS--GENERAL INFORMATION
fixed length control field 260409a
100 1# - MAIN ENTRY--PERSONAL NAME
Personal name Bryce, David J.
245 10 - TITLE STATEMENT
Title Competir contra lo gratis
700 1# - ADDED ENTRY--PERSONAL NAME
Personal name Hatch, Nile W.
700 1# - ADDED ENTRY--PERSONAL NAME
Personal name Dyer, Jeffrey H.
773 0# - HOST ITEM ENTRY
Title Harvard Business Review
Related parts Cómo los grandes líderes impulsan la innovación - Vol. 89, Nº 5 (jun. 2011)
Record control number REV340

No hay ítems disponibles.